Human rights and the dark side of globalisation: transnational law enforcement and migration control (Record no. 8934)

MARC details
000 -LEADER
fixed length control field 00627nam a2200205Ia 4500
020 ## - INTERNATIONAL STANDARD BOOK NUMBER
ISBN 9781138222243
082 ## - DEWEY DECIMAL CLASSIFICATION NUMBER
Classification number 341.48 HUM-
245 #0 - TITLE STATEMENT
Title Human rights and the dark side of globalisation: transnational law enforcement and migration control
260 ## - PUBLICATION, DISTRIBUTION, ETC. (IMPRINT)
Place of publication London
Name of publisher Routledge
Year of publication 2017
300 ## - PHYSICAL DESCRIPTION
Number of Pages xiii, 365p
440 ## - SERIES STATEMENT/ADDED ENTRY--TITLE
Title Routledge studies in human rights
504 ## - BIBLIOGRAPHY, ETC. NOTE
Bibliography, etc includes index
650 ## - SUBJECT ADDED ENTRY--TOPICAL TERM
Topical Term Emigration and imigration
650 ## - SUBJECT ADDED ENTRY--TOPICAL TERM
Topical Term Human rights
650 ## - SUBJECT ADDED ENTRY--TOPICAL TERM
Topical Term Human rights and globalisation
650 ## - SUBJECT ADDED ENTRY--TOPICAL TERM
Topical Term International law
700 ## - ADDED ENTRY--PERSONAL NAME
Personal name Gammeltoft-Hansen, Thomas
700 ## - ADDED ENTRY--PERSONAL NAME
Personal name Vedsted-Hansen, Jens
942 ## - ADDED ENTRY ELEMENTS (KOHA)
Koha item type Books
Holdings
Withdrawn status Lost status Damaged status Not for loan Home library Current library Date acquired Source of acquisition Bill Date Full call number Accession Number Price effective from Koha item type
        NASSDOC Library NASSDOC Library 31/03/2017 OP 2017-03-21 341.48 HUM- 49219 18/04/2019 Books